[Event "TUR-chT 2nd League"]
[Site "Konya"]
[Date "2019.07.24"]
[Round "4.13"]
[White "Izi, Betul Cemre"]
[Black "Yassibag, Ipek Asli"]
[Result "0-1"]
[WhiteElo "1164"]
[BlackElo "1778"]
[PlyCount "65"]
[EventDate "2019.07.22"]
[EventType "team-swiss"]
[EventRounds "9"]
[EventCountry "TUR"]
[SourceTitle "CBM 191 Extra"]
[Source "ChessBase"]
[SourceDate "2019.09.30"]
[SourceVersion "1"]
[SourceVersionDate "2019.09.30"]
[SourceQuality "1"]
[WhiteTeam "Seviye Dernegi"]
[BlackTeam "Ceylanpinar Genclik"]
[WhiteTeamCountry "TUR"]
[BlackTeamCountry "TUR"]

1. f4 e5 2. fxe5 d6 3. Nf3 dxe5 4. e4 Nc6 5. Bb5 Bc5 6. Bxc6+ bxc6 7. d3 Bg4 8. Nbd2 Qe7 9. h3 Bh5 10. c3 Rd8 11. Qc2 Nf6 12. Nc4 Bxf3 13. gxf3 Nh5 14. h4 Qf6 15. Rh3 Qg6 16. Qh2 f6 17. f4 exf4 18. Bxf4 Bg1 19. Qd2 Qg4 20. Be3 Qxh3 21. Bxg1 Rxd3 22. Qc2 Qxh4+ 23. Kf1 Qh3+ 24. Ke1 0-0 25. Rd1 Qh4+ 26. Qf2 Qxe4+ 27. Qe2 Rxd1+ 28. Kxd1 Qb1+ 29. Kd2 Rd8+ 30. Ke3 Re8+ 31. Kf2 Rxe2+ 32. Kxe2 Qxg1 33. Na5 0-1

[Event "TUR-chT 2nd League"]
[Site "Konya"]
[Date "2019.07.23"]
[Round "2.12"]
[White "Sen, Beril Berfin"]
[Black "Yassibag, Ipek Asli"]
[Result "0-1"]
[WhiteElo "1584"]
[BlackElo "1778"]
[PlyCount "106"]
[EventDate "2019.07.22"]
[EventType "team-swiss"]
[EventRounds "9"]
[EventCountry "TUR"]
[SourceTitle "CBM 191 Extra"]
[Source "ChessBase"]
[SourceDate "2019.09.30"]
[SourceVersion "1"]
[SourceVersionDate "2019.09.30"]
[SourceQuality "1"]
[WhiteTeam "Hayat Genclik"]
[BlackTeam "Ceylanpinar Genclik"]
[WhiteTeamCountry "TUR"]
[BlackTeamCountry "TUR"]

1. c4 d5 2. Nf3 d4 3. g3 Nc6 4. Bg2 Bg4 5. d3 Qd7 6. 0-0 0-0-0 7. a3 f6 8. b4 Bh3 9. Nbd2 Bxg2 10. Kxg2 g5 11. Qa4 a6 12. b5 Nb8 13. Nb3 e5 14. Na5 h5 15. h4 gxh4 16. Nxh4 Ne7 17. Rb1 b6 18. Nb3 axb5 19. cxb5 Nf5 20. Rh1 Nxh4+ 21. Rxh4 Be7 22. Bd2 f5 23. Rh3 h4 24. Rbh1 Rhg8 25. Kf1 hxg3 26. Rxg3 Rxg3 27. fxg3 Rg8 28. Rg1 f4 29. Qc4 Qh3+ 30. Ke1 Rxg3 31. Rxg3 Qh1+ 32. Kf2 Bh4 33. Qe6+ Kb7 34. Bxf4 exf4 35. Qe4+ Qxe4 36. dxe4 fxg3+ 37. Kf3 c5 38. Nd2 Nd7 39. Nc4 Kc7 40. Kg2 Bf6 41. Kxg3 Ne5 42. Nd2 Bg5 43. Nb3 Be3 44. a4 c4 45. Na1 d3 46. exd3 cxd3 47. Nb3 d2 48. Nxd2 Bxd2 49. Kf2 Kd6 50. Ke2 Bf4 51. Kd1 Kc5 52. Kc2 Kb4 53. a5 Kxa5 0-1

[Event "TUR-chT2"]
[Site "Konya"]
[Date "2018.07.14"]
[Round "7.3"]
[White "Yassibag, Ipek Asli"]
[Black "Agun, Lutfiye Selva"]
[Result "0-1"]
[WhiteElo "1834"]
[BlackElo "1539"]
[PlyCount "82"]
[EventDate "2018.07.10"]
[EventType "team-swiss"]
[EventRounds "9"]
[EventCountry "TUR"]
[SourceTitle "EXT 2019"]
[Source "ChessBase"]
[SourceDate "2018.10.10"]
[SourceVersion "1"]
[SourceVersionDate "2018.10.10"]
[SourceQuality "1"]
[WhiteTeam "Ceylanpinar Belediyesi"]
[BlackTeam "Sakarya Buyuksehir"]
[WhiteTeamCountry "TUR"]
[BlackTeamCountry "TUR"]

1. e4 c5 2. d4 cxd4 3. c3 dxc3 4. Nxc3 d6 5. Nf3 Nf6 6. Bc4 e6 7. 0-0 Be7 8. Qe2 Nc6 9. Rd1 Qc7 10. Nb5 Qb8 11. Bg5 a6 12. Nc3 0-0 13. a4 Qc7 14. Rac1 Bd7 15. Na2 Qa5 16. Bxf6 gxf6 17. Rc3 Kh8 18. Nd4 Nxd4 19. Rxd4 Bxa4 20. Rh3 Rg8 21. Rdd3 Rac8 22. Rc3 Rg7 23. Rh5 Rg5 24. Rh4 Rcg8 25. g3 Bc6 26. f4 R5g7 27. Nc1 f5 28. Rh6 fxe4 29. Bb3 d5 30. Qe3 Rd8 31. Qd4 Qb4 32. Qxb4 Bxb4 33. Rc2 d4 34. Rc4 Ba5 35. Bd1 d3 36. Rh5 Bb6+ 37. Kg2 e3+ 38. Kh3 Bb5 39. Re4 d2 40. Nb3 Bf1+ 41. Kh4 e2 0-1

[Event "TUR-chT2"]
[Site "Konya"]
[Date "2018.07.12"]
[Round "4.3"]
[White "Sahil, Munevver"]
[Black "Yassibag, Ipek Asli"]
[Result "0-1"]
[WhiteElo "1635"]
[BlackElo "1834"]
[PlyCount "72"]
[EventDate "2018.07.10"]
[EventType "team-swiss"]
[EventRounds "9"]
[EventCountry "TUR"]
[SourceTitle "EXT 2019"]
[Source "ChessBase"]
[SourceDate "2018.10.10"]
[SourceVersion "1"]
[SourceVersionDate "2018.10.10"]
[SourceQuality "1"]
[WhiteTeam "Siirt Cedid"]
[BlackTeam "Ceylanpinar Belediyesi"]
[WhiteTeamCountry "TUR"]
[BlackTeamCountry "TUR"]

1. e4 d5 2. exd5 Nf6 3. c4 c6 4. dxc6 Nxc6 5. Nc3 e5 6. h3 Bc5 7. d3 h6 8. Be3 Bd4 9. a3 Bf5 10. Nf3 Bxe3 11. fxe3 Qb6 12. Qc1 Na5 13. Na4 Qc7 14. Qc3 e4 15. dxe4 Qg3+ 16. Ke2 Nxe4 17. Qe1 Qc7 18. Kd1 Qd7+ 19. Nd2 Nxd2 20. Qxd2 Qxd2+ 21. Kxd2 Nb3+ 22. Kc3 Nxa1 23. Bd3 Bxd3 24. Rxa1 Be4 25. g3 b6 26. Rd1 Rd8 27. Rd4 Rxd4 28. exd4 Bc6 29. Kb3 Bxa4+ 30. Kxa4 Kd7 31. Kb5 Kc7 32. b4 Re8 33. a4 Re4 34. d5 a6+ 35. Kxa6 Rxc4 36. Kb5 Rd4 0-1

[Event "TUR-chT2"]
[Site "Konya"]
[Date "2018.07.12"]
[Round "5.2"]
[White "Yassibag, Ipek Asli"]
[Black "Eraslan, Yagmur"]
[Result "1-0"]
[WhiteElo "1834"]
[BlackElo "1570"]
[PlyCount "99"]
[EventDate "2018.07.10"]
[EventType "team-swiss"]
[EventRounds "9"]
[EventCountry "TUR"]
[SourceTitle "EXT 2019"]
[Source "ChessBase"]
[SourceDate "2018.10.10"]
[SourceVersion "1"]
[SourceVersionDate "2018.10.10"]
[SourceQuality "1"]
[WhiteTeam "Ceylanpinar Belediyesi"]
[BlackTeam "Trabzon Feda"]
[WhiteTeamCountry "TUR"]
[BlackTeamCountry "TUR"]

1. c4 e5 2. Nc3 Nf6 3. g3 Nc6 4. Bg2 Bc5 5. e3 0-0 6. Nge2 Re8 7. d3 d6 8. 0-0 a6 9. a3 a5 10. Rb1 Bg4 11. h3 Bh5 12. Na4 Ba7 13. Bd2 Qc8 14. Nac3 Bc5 15. Nd5 Nxd5 16. cxd5 Ne7 17. e4 c6 18. dxc6 bxc6 19. Be3 Ba7 20. Bxa7 Rxa7 21. g4 Bg6 22. d4 d5 23. Ng3 dxe4 24. dxe5 Nd5 25. Nxe4 Rxe5 26. Qd4 Rae7 27. Rbe1 Bxe4 28. Rxe4 Rxe4 29. Bxe4 Nf6 30. Bg2 c5 31. Qc3 Qc7 32. Rc1 Ne8 33. Kf1 Rd7 34. Qe3 Qd8 35. Re1 Nf6 36. g5 Rd3 37. Qe7 Rd7 38. Qxd8+ Rxd8 39. gxf6 gxf6 40. Rc1 Rc8 41. b4 axb4 42. axb4 c4 43. b5 Rb8 44. Bc6 Kf8 45. Rxc4 Ke7 46. Rd4 Ke6 47. Ke2 Ke5 48. Kd3 f5 49. f4+ Ke6 50. Kc4 1-0

[Event "TUR Cup										"]
[Site "Antalya"]
[Date "2018.01.31"]
[Round "7"]
[White "Yassibag, Ipek Asli"]
[Black "Yasin, Hur"]
[Result "1/2-1/2"]
[WhiteElo "1742"]
[BlackElo "1985"]
[PlyCount "101"]
[EventDate "2018.01.27"]
[EventType "swiss"]
[EventRounds "11"]
[EventCountry "TUR"]
[SourceTitle "CBM 182 Extra"]
[Source "ChessBase"]
[SourceDate "2018.02.23"]
[SourceVersion "1"]
[SourceVersionDate "2018.02.23"]
[SourceQuality "1"]

1. c4 e6 2. Nc3 d5 3. cxd5 exd5 4. d4 Nf6 5. g3 Be7 6. Bg2 c6 7. Nf3 Bf5 8. 0-0 Ne4 9. Qb3 Qc8 10. Bf4 Nd7 11. Nxd5 cxd5 12. Rac1 Qd8 13. Qxd5 Bg6 14. Bc7 Ndf6 15. Qb5+ Qd7 16. Qxb7 Qd5 17. Qxd5 Nxd5 18. Ne5 f5 19. g4 0-0 20. gxf5 Bxf5 21. f3 Ng5 22. e4 Nxc7 23. exf5 Nb5 24. f4 Nxd4 25. Bd5+ Kh8 26. Bxa8 Ne2+ 27. Kh1 Nxc1 28. fxg5 Rxa8 29. Rxc1 Kg8 30. h4 Rf8 31. Rf1 Re8 32. Nc6 Bc5 33. b4 Bb6 34. f6 gxf6 35. gxf6 Kf7 36. Rf5 Bc7 37. Ne7 Bd6 38. a3 Ke6 39. Rf3 Rf8 40. Nc6 a6 41. f7 Kd5 42. Na5 Ke6 43. Nb7 Be7 44. Nc5+ Bxc5 45. bxc5 Rxf7 46. Rb3 Kd5 47. Rb6 Rf4 48. Rxa6 Rxh4+ 49. Kg2 Kxc5 50. Ra7 h6 51. Kg3 1/2-1/2

[Event "TUR Cup										"]
[Site "Antalya"]
[Date "2018.01.28"]
[Round "2"]
[White "Karaahmetoglu, Ege"]
[Black "Yassibag, Ipek Asli"]
[Result "1/2-1/2"]
[WhiteElo "2061"]
[BlackElo "1742"]
[PlyCount "96"]
[EventDate "2018.01.27"]
[EventType "swiss"]
[EventRounds "11"]
[EventCountry "TUR"]
[SourceTitle "CBM 182 Extra"]
[Source "ChessBase"]
[SourceDate "2018.02.23"]
[SourceVersion "1"]
[SourceVersionDate "2018.02.23"]
[SourceQuality "1"]

1. e4 d5 2. exd5 Nf6 3. d4 Bg4 4. f3 Bf5 5. c4 e6 6. Nc3 c5 7. Qa4+ Nbd7 8. dxe6 cxd4 9. exd7+ Bxd7 10. Qc2 dxc3 11. Qxc3 Bd6 12. Be3 0-0 13. 0-0-0 Qe7 14. Kb1 Bb4 15. Qb3 Bf5+ 16. Bd3 Rfd8 17. Bxf5 Rxd1+ 18. Qxd1 Qxe3 19. Ne2 Ba5 20. Qc2 g6 21. Bh3 Re8 22. Nc1 Nh5 23. g3 Rd8 24. Rd1 Rd2 25. Rxd2 Bxd2 26. a3 Bxc1 27. Qxc1 Qxf3 28. Qc2 Qe3 29. Bc8 b6 30. Ka2 Qc5 31. Ba6 Nf6 32. b4 Qc6 33. Bb5 Qc8 34. Ba4 Ng4 35. Bb3 Ne5 36. Qe4 Qc7 37. Qd5 Qe7 38. c5 bxc5 39. bxc5 Nd7 40. Qa8+ Kg7 41. Qxa7 Qe2+ 42. Kb1 Qf1+ 43. Kb2 Qf2+ 44. Kb1 Qe1+ 45. Kc2 Qf2+ 46. Kb1 Qe1+ 47. Kc2 Qf2+ 48. Kb1 Qe1+ 1/2-1/2

[Event "Mersin op 2nd"]
[Site "Mersin"]
[Date "2017.10.23"]
[Round "3"]
[White "Yassibag, Ipek Asli"]
[Black "Guven, Oguz Kagan"]
[Result "0-1"]
[WhiteElo "1767"]
[BlackElo "1777"]
[PlyCount "90"]
[EventDate "2017.10.22"]
[EventType "swiss"]
[EventRounds "9"]
[EventCountry "TUR"]
[SourceTitle "CBM 181 Extra"]
[Source "ChessBase"]
[SourceDate "2017.12.12"]
[SourceVersion "1"]
[SourceVersionDate "2017.12.12"]
[SourceQuality "1"]

1. e4 d6 2. c4 c5 3. Nc3 g6 4. g3 Bg7 5. Bg2 Nc6 6. Nge2 e6 7. 0-0 Nge7 8. d3 Rb8 9. Be3 Nd4 10. Qd2 a6 11. Bh6 0-0 12. Bxg7 Kxg7 13. Nxd4 cxd4 14. Ne2 e5 15. f4 b5 16. cxb5 Rxb5 17. a4 Rb7 18. b4 f6 19. Rfb1 Bd7 20. Qa2 Qb8 21. Qa3 Rc8 22. fxe5 dxe5 23. Rb2 Bg4 24. Rc1 Bxe2 25. Rxc8 Nxc8 26. Rxe2 Rxb4 27. Bh3 Ne7 28. Rc2 Qd6 29. Rb2 a5 30. Bf1 Qc5 31. Rb1 Qc3 32. Qxc3 dxc3 33. Rc1 Rb3 34. Kf2 Nc6 35. Bh3 Nd4 36. Ke1 Kf7 37. Bc8 Ke7 38. Ba6 Kd6 39. Bc4 Ra3 40. h3 Kc5 41. Kd1 c2+ 42. Kd2 Rxa4 43. g4 Rxc4 44. dxc4 Nb3+ 45. Kxc2 Nxc1 0-1

[Event "Mersin op 2nd"]
[Site "Mersin"]
[Date "2017.10.22"]
[Round "1"]
[White "Yassibag, Ipek Asli"]
[Black "Bukhteeva, Viktoria"]
[Result "1/2-1/2"]
[WhiteElo "1767"]
[BlackElo "2247"]
[PlyCount "85"]
[EventDate "2017.10.22"]
[EventType "swiss"]
[EventRounds "9"]
[EventCountry "TUR"]
[SourceTitle "CBM 181 Extra"]
[Source "ChessBase"]
[SourceDate "2017.12.12"]
[SourceVersion "1"]
[SourceVersionDate "2017.12.12"]
[SourceQuality "1"]

1. e4 d5 2. exd5 Nf6 3. Nc3 Nxd5 4. Bc4 Nb6 5. Bb3 Nc6 6. Nf3 Bf5 7. d4 e6 8. Bf4 Bd6 9. Be3 0-0 10. 0-0 Na5 11. Qe2 Bg4 12. Ne4 Nxb3 13. axb3 Nd5 14. h3 Bh5 15. Ng3 Bxg3 16. fxg3 Qd6 17. Bf2 a6 18. Qe5 Bg6 19. Qxd6 cxd6 20. c3 Nf6 21. Nd2 d5 22. Be3 Bd3 23. Rfe1 Rac8 24. Bg5 Nd7 25. Bf4 h6 26. g4 Rfe8 27. Re3 Bb5 28. Rae1 Nf8 29. Nf3 f6 30. Bd6 Bd7 31. Nd2 Rc6 32. Bg3 Ng6 33. c4 Rec8 34. c5 e5 35. dxe5 fxe5 36. b4 e4 37. Nb3 Re6 38. Rd1 Bc6 39. Nd4 Ree8 40. Nf5 Re6 41. Nd4 Ree8 42. Nf5 Re6 43. Nd4 1/2-1/2

[Event "TUR-chT"]
[Site "Kocaeli"]
[Date "2017.07.30"]
[Round "5.6"]
[White "Yassibag, Ipek Asli"]
[Black "Sade, Defne"]
[Result "1/2-1/2"]
[WhiteElo "1880"]
[BlackElo "1654"]
[PlyCount "154"]
[EventDate "2017.07.26"]
[EventType "team-tourn"]
[EventRounds "13"]
[EventCountry "TUR"]
[SourceTitle "CBM 179 Extra"]
[Source "ChessBase"]
[SourceDate "2017.08.23"]
[SourceVersion "1"]
[SourceVersionDate "2017.08.23"]
[SourceQuality "1"]
[WhiteTeam "Izmir Tas Duvar"]
[BlackTeam "Deniz su Aquamatch"]
[WhiteTeamCountry "TUR"]
[BlackTeamCountry "TUR"]

1. e4 e5 2. Nf3 Nc6 3. Bc4 Bc5 4. 0-0 d6 5. c3 Bb6 6. d4 Bg4 7. d5 Nce7 8. h3 Bd7 9. a4 a6 10. a5 Ba7 11. b4 Nf6 12. Bd3 0-0 13. c4 Ng6 14. Nc3 Nh5 15. Ne2 Qc8 16. Kh2 h6 17. Ra3 Re8 18. Rc3 Qd8 19. c5 Nh4 20. Nxh4 Qxh4 21. Ng1 g6 22. Nf3 Qe7 23. c6 bxc6 24. dxc6 Bc8 25. Bxh6 d5 26. Rb3 dxe4 27. Bxe4 Be6 28. Rb2 Bc4 29. Bg5 Qe6 30. Re1 f5 31. Bb1 e4 32. Qd7 Qd6+ 33. Qxd6 cxd6 34. Nh4 Kh7 35. Ba2 d5 36. Bxc4 dxc4 37. Rc1 c3 38. Rbc2 Bd4 39. Rd1 Be5+ 40. Kg1 Rac8 41. Rd7+ Ng7 42. f4 exf3 43. Nxf3 Rxc6 44. Nxe5 Rxe5 45. Be7 Re1+ 46. Kh2 Kg8 47. Bc5 Ne6 48. Rxc3 Nxc5 49. Rxc5 Rxc5 50. bxc5 Rc1 51. Rd6 Kf7 52. Rxa6 Rxc5 53. Ra8 Rc3 54. a6 Ra3 55. a7 Kg7 56. h4 Kh7 57. Kg1 Ra2 58. Kh2 Ra3 59. g3 Kg7 60. Kg2 Kh7 61. Kf2 Kg7 62. Ke2 Kh7 63. Kd2 Kg7 64. Kc2 Kh7 65. Kb2 Ra6 66. Kc3 Kg7 67. Kd4 Ra5 68. Kc4 Ra1 69. Kb5 Rb1+ 70. Kc5 Rc1+ 71. Kd6 Rd1+ 72. Ke5 Re1+ 73. Kf4 Re4+ 74. Kf3 Ra4 75. Ke3 Kh7 76. Kd3 Kg7 77. Kc3 Kh7 1/2-1/2

[Event "TUR-chT"]
[Site "Kocaeli"]
[Date "2017.07.29"]
[Round "4.2"]
[White "Duran, Esma Doga"]
[Black "Yassibag, Ipek Asli"]
[Result "1-0"]
[WhiteElo "1939"]
[BlackElo "1880"]
[PlyCount "111"]
[EventDate "2017.07.26"]
[EventType "team-tourn"]
[EventRounds "13"]
[EventCountry "TUR"]
[SourceTitle "CBM 179 Extra"]
[Source "ChessBase"]
[SourceDate "2017.08.23"]
[SourceVersion "1"]
[SourceVersionDate "2017.08.23"]
[SourceQuality "1"]
[WhiteTeam "Istanbul Turk Hava"]
[BlackTeam "Izmir Tas Duvar"]
[WhiteTeamCountry "TUR"]
[BlackTeamCountry "TUR"]

1. d4 c5 2. d5 Nf6 3. c4 b5 4. cxb5 a6 5. b6 d6 6. Nc3 Qxb6 7. e4 g6 8. Nf3 Bg7 9. Nd2 0-0 10. Be2 Nbd7 11. Nc4 Qc7 12. a4 Nb6 13. Na3 a5 14. Nab5 Qd8 15. 0-0 Ba6 16. Qc2 Ne8 17. Be3 Nc7 18. Rad1 Qd7 19. Nxc7 Qxc7 20. Nb5 Qd7 21. b3 Nc8 22. Bd2 Na7 23. Nc3 Qb7 24. Bc4 Rfb8 25. Rb1 Nc8 26. Qd3 Nb6 27. Nb5 Nc8 28. Rfe1 Na7 29. Nxd6 exd6 30. Bxa6 Qb6 31. Bc4 Nc8 32. Bf4 Qc7 33. Qg3 Be5 34. Bxe5 dxe5 35. Rbd1 Qd6 36. Rc1 Ra7 37. Qe3 Ne7 38. g3 Re8 39. f4 Rc8 40. Rcd1 f6 41. Rf1 Kg7 42. Qc3 Ng8 43. Rf2 Re8 44. Bb5 Ree7 45. Rc1 exf4 46. Rxf4 g5 47. Rf5 h6 48. Qxc5 Qxc5+ 49. Rxc5 Rxe4 50. d6 Rd4 51. Rc7+ Kg6 52. Rxa7 Kxf5 53. d7 Rd1+ 54. Kf2 Ke6 55. Ra8 Ke7 56. Rxg8 1-0

[Event "TUR-ch (Women)"]
[Site "Aksu"]
[Date "2017.03.10"]
[Round "9"]
[White "Sahin, Hayrun Nisa"]
[Black "Yassibag, Ipek Asli"]
[Result "0-1"]
[WhiteElo "1667"]
[BlackElo "1797"]
[PlyCount "96"]
[EventDate "2017.03.06"]
[EventType "swiss"]
[EventRounds "9"]
[EventCountry "TUR"]
[SourceTitle "CBM 177 Extra"]
[Source "ChessBase"]
[SourceDate "2017.04.27"]
[SourceVersion "1"]
[SourceVersionDate "2017.04.27"]
[SourceQuality "1"]

1. c4 Nf6 2. Nc3 d5 3. cxd5 Nxd5 4. g3 Nxc3 5. bxc3 g6 6. Bg2 c6 7. Nf3 Bg7 8. d4 0-0 9. 0-0 Nd7 10. Bf4 Nf6 11. Be5 Bf5 12. Nh4 Be6 13. Qc2 Qc8 14. f4 Bh3 15. Bxh3 Qxh3 16. Bxf6 exf6 17. e4 Qd7 18. Nf3 Rae8 19. Rfe1 Re7 20. Rad1 Rfe8 21. Rd2 Bh6 22. Rdd1 Bg7 23. Kg2 h5 24. Qd3 Qe6 25. Nd2 g5 26. fxg5 fxg5 27. Rf1 Bh6 28. e5 Qxa2 29. Ra1 Qd5+ 30. Qe4 g4 31. c4 Qe6 32. Qd3 Bxd2 33. Qxd2 Qg6 34. Rxa7 Rd8 35. Qe3 f6 36. Ra2 fxe5 37. dxe5 Rde8 38. Raf2 Rxe5 39. Qb3 Re2 40. c5+ Qe6 41. Qxb7 Qd5+ 42. Kg1 Rxf2 43. Rxf2 Re1+ 44. Rf1 Qd4+ 45. Kg2 Qe4+ 46. Kg1 Qe3+ 47. Kg2 Qe2+ 48. Rf2 Qe4+ 0-1

[Event "TUR-ch (Women)"]
[Site "Aksu"]
[Date "2017.03.10"]
[Round "8"]
[White "Yassibag, Ipek Asli"]
[Black "Aslan, Lina"]
[Result "1-0"]
[WhiteElo "1797"]
[BlackElo "1458"]
[PlyCount "97"]
[EventDate "2017.03.06"]
[EventType "swiss"]
[EventRounds "9"]
[EventCountry "TUR"]
[SourceTitle "CBM 177 Extra"]
[Source "ChessBase"]
[SourceDate "2017.04.27"]
[SourceVersion "1"]
[SourceVersionDate "2017.04.27"]
[SourceQuality "1"]

1. e4 c5 2. d4 cxd4 3. c3 dxc3 4. Nxc3 Nc6 5. Nf3 d6 6. Bc4 Nf6 7. 0-0 e6 8. Qe2 Be7 9. Rd1 e5 10. Bb5 Bg4 11. h3 Bxf3 12. Qxf3 0-0 13. Be3 Nb4 14. Rac1 a6 15. Bc4 b5 16. Bb3 Rc8 17. a3 Nc6 18. Nd5 Nxd5 19. Bxd5 Qd7 20. Rc3 Bf6 21. Bxc6 Rxc6 22. Rcd3 Rd8 23. b4 Qc7 24. Qg4 Rc4 25. Qf5 Qc6 26. Bc5 Rxe4 27. Rxd6 Rxd6 28. Rxd6 Re1+ 29. Kh2 Qa8 30. Rxf6 gxf6 31. Qg4+ Kh8 32. Be7 Qc6 33. Bf8 Rh1+ 34. Kxh1 Qc1+ 35. Kh2 Qf4+ 36. Qxf4 exf4 37. Bh6 Kg8 38. h4 f5 39. Bxf4 Kg7 40. Be5+ Kg6 41. Kg3 f6 42. Bd4 Kf7 43. Kf4 Ke6 44. h5 h6 45. g3 Kd5 46. Bxf6 Kc4 47. Kxf5 Kb3 48. Be7 Kxa3 49. Ke4 1-0

[Event "TUR-ch (Women)"]
[Site "Aksu"]
[Date "2017.03.08"]
[Round "4"]
[White "Yassibag, Ipek Asli"]
[Black "Sural, Ceren"]
[Result "1/2-1/2"]
[WhiteElo "1797"]
[BlackElo "1463"]
[PlyCount "82"]
[EventDate "2017.03.06"]
[EventType "swiss"]
[EventRounds "9"]
[EventCountry "TUR"]
[SourceTitle "CBM 177 Extra"]
[Source "ChessBase"]
[SourceDate "2017.04.27"]
[SourceVersion "1"]
[SourceVersionDate "2017.04.27"]
[SourceQuality "1"]

1. c4 f5 2. Nc3 Nf6 3. g3 e6 4. Bg2 d5 5. cxd5 exd5 6. d4 c6 7. Nf3 Bd6 8. 0-0 0-0 9. a3 Qe8 10. b4 Nbd7 11. b5 Qh5 12. a4 Ng4 13. Qb3 Ngf6 14. Nh4 Nb6 15. Bf3 Qf7 16. Qc2 Ne4 17. bxc6 bxc6 18. Bg2 Bd7 19. Nf3 h6 20. Nd2 Qf6 21. a5 Nc8 22. Ndxe4 fxe4 23. Bb2 Ne7 24. e3 Bg4 25. Ba3 Bxa3 26. Rxa3 Bf3 27. Qa2 Qe6 28. Ne2 Ng6 29. Nf4 Nxf4 30. exf4 Bxg2 31. Kxg2 Qg4 32. h3 Qg6 33. Kh2 Qf6 34. Qd2 Qd6 35. Rc3 Rac8 36. Rc5 Rc7 37. Qc3 Rfc8 38. Rb1 Kh8 39. a6 Kg8 40. Rb7 Qd7 41. Rb1 Qd6 1/2-1/2

[Event "TUR Cup"]
[Site "Antalya"]
[Date "2017.01.28"]
[Round "1"]
[White "Simsek, Ibrahim"]
[Black "Yassibag, Ipek Asli"]
[Result "0-1"]
[WhiteElo "1345"]
[BlackElo "1796"]
[PlyCount "68"]
[EventDate "2017.01.28"]
[EventType "swiss"]
[EventRounds "11"]
[EventCountry "TUR"]
[SourceTitle "CBM 176 Extra"]
[Source "ChessBase"]
[SourceDate "2017.03.02"]
[SourceVersion "1"]
[SourceVersionDate "2017.03.02"]
[SourceQuality "1"]

1. e4 d5 2. exd5 Nf6 3. d4 Bg4 4. Be2 Bxe2 5. Nxe2 Qxd5 6. 0-0 Nc6 7. Nbc3 Qh5 8. Ng3 Qg6 9. a3 0-0-0 10. Nce2 e5 11. Be3 Nxd4 12. Nxd4 exd4 13. Bd2 Bd6 14. Rc1 h5 15. Qf3 Ng4 16. Qf5+ Qxf5 17. Nxf5 Bxh2+ 18. Kh1 Be5 19. f3 Nh6 20. Nxh6 gxh6 21. f4 Bf6 22. Rf3 Rdg8 23. f5 Bg5 24. Rd1 h4 25. Bb4 b6 26. Bd2 f6 27. Be1 c5 28. Kh2 Rg7 29. Kh3 Re8 30. Rf2 Re3+ 31. Kh2 Rge7 32. Bd2 Re2 33. Rxe2 Rxe2 34. Bxg5 hxg5 0-1

[Event "Mersin op 1st"]
[Site "Mersin"]
[Date "2016.10.23"]
[Round "1"]
[White "Ererdem, Gani Eren"]
[Black "Yassibag, Ipek Asli"]
[Result "1/2-1/2"]
[WhiteElo "2170"]
[BlackElo "1868"]
[PlyCount "43"]
[EventDate "2016.10.23"]
[EventType "swiss"]
[EventRounds "9"]
[EventCountry "TUR"]
[SourceTitle "EXT 2018"]
[Source "ChessBase"]
[SourceDate "2017.10.13"]
[SourceVersion "1"]
[SourceVersionDate "2017.10.13"]
[SourceQuality "1"]

1. d4 c5 2. d5 Nf6 3. Nc3 Qa5 4. Bd2 b5 5. e4 b4 6. e5 bxc3 7. Bxc3 Qa4 8. exf6 Qe4+ 9. Be2 gxf6 10. Nf3 Ba6 11. Kf1 Rg8 12. Ne1 Rg5 13. Bxa6 Nxa6 14. f3 Qc4+ 15. Qd3 Qxd3+ 16. Nxd3 Rxd5 17. g4 Bh6 18. Re1 e5 19. Nf2 0-0-0 20. Ne4 Bg7 21. h4 Nb4 22. Bxb4 1/2-1/2

[Event "TUR-ch (Women)"]
[Site "Cesme"]
[Date "2016.03.11"]
[Round "7"]
[White "Alpaslan, Fatma Gunes"]
[Black "Yassibag, Ipek Asli"]
[Result "0-1"]
[WhiteElo "1429"]
[BlackElo "1751"]
[PlyCount "58"]
[EventDate "2016.03.07"]
[EventType "swiss"]
[EventRounds "9"]
[EventCountry "TUR"]
[SourceTitle "CBM 171 Extra"]
[Source "ChessBase"]
[SourceDate "2016.04.26"]
[SourceVersion "1"]
[SourceVersionDate "2016.04.26"]
[SourceQuality "1"]

1. Nf3 d5 2. d4 Nc6 3. g3 Bg4 4. Bg2 Qd7 5. 0-0 0-0-0 6. a4 f6 7. c3 h5 8. h4 Nh6 9. b4 Nf7 10. Nbd2 g5 11. a5 a6 12. Qb3 Na7 13. c4 Be6 14. e4 dxc4 15. Nxc4 Bxc4 16. Qxc4 Nd6 17. Qc5 Nab5 18. e5 g4 19. Nd2 Nf5 20. d5 Nfd4 21. Nc4 Kb8 22. e6 Qc8 23. Rb1 Nc3 24. Be3 Ndb5 25. Rb3 Na4 26. Nb6 Nxc5 27. Nxc8 Nxb3 28. Rb1 N3d4 29. Nxe7 Bxe7 0-1